| 000 | 01292nam a22002057a 4500 | ||
|---|---|---|---|
| 999 |
_c61959 _d61959 |
||
| 003 | Ge_BSU | ||
| 005 | 20240614161952.0 | ||
| 008 | 240614s1960 ge ||||| |||| 00| 0 geo d | ||
| 041 | _ageo | ||
| 080 | _a61 ხ-49 | ||
| 100 |
_aხვედელიძე, გ. _922444 |
||
| 245 |
_aმიხეილ გედევანიშვილი : _b(ცხოვრება, საექიმო-სამეცნ. და საზ. მოღვაწეობა) / _cგ. ხვედელიძე; [კ. ერისთავის ბოლოსიტყვაობით]; საქ. სსრ მეცნ. აკად., ექსპ. და კლინიკ. ქირურგ. და ჰემატოლოგიის ინ-ტი. |
||
| 264 |
_aთბ. : _b საქ. სსრ მეცნ. აკად გამ-ბა და სტ., _c1960. |
||
| 300 |
_a175 გვ. : _b6 ფურც. ილ. და პორტრ. ; _c23 სმ. |
||
| 500 | _aბიბლიოგრ. შენიშვნებში | ||
| 653 | _aგედევანიშვილი, მიხეილ. | ||
| 653 | _aქართველი ექიმები. | ||
| 710 |
_a საქ. სსრ მეცნ. აკადემია _922445 |
||
| 942 |
_2udc _cᲬᲘᲒᲜᲘ |
||